000 00551nam a2200169 a 4500
001 000040265
005 20201002034024.0
008 130821s2009 dr 000 0 spa d
020 _a9789945165579
040 _aDO-SdBNP
_bspa
_cBNPHU
100 1 _aLara Peña, erasmo
_936352
245 1 0 _aDesiderata :
_buna guía personal para el buen vivir /
_cErasmo Lara Peña.
250 _a2a. ed.
260 _aSanto Domingo :
_bEditora Búho,
_c2009.
300 _a123 p. ;
_c16 cm.
500 _aIncluye datos biográficos del autor en la solapa de la cubierta
999 _c39755
_d39755